| 000 | 00919nam a2200253Ia 4500 | ||
|---|---|---|---|
| 003 | OSt | ||
| 005 | 20220923222651.0 | ||
| 006 | a|||||r|||| 00| 0 | ||
| 007 | ta | ||
| 008 | 220922b |||||||| |||| 00| 0 hin d | ||
| 024 | _a206,959 | ||
| 037 | _cTextual | ||
| 040 |
_aARTS _cARTS _bhin |
||
| 041 |
_2hin _ahin |
||
| 082 | _aO152,6N212x, N1 | ||
| 100 |
_aरेणु, फणीश्वरनाथ; यायावर, भारत, संपा. _9167177 |
||
| 245 | 0 | _aसमय की शिला पर | |
| 246 | _aSamaya kī shilā para | ||
| 260 |
_aनई दिल्ली _b राजकमल प्रका0 _c1991 |
||
| 300 |
_a317पृ. _ccm. |
||
| 650 |
_aहिन्दी साहित्य _9156264 |
||
| 942 |
_hO152,6N212x, N1 _cTEXL _2CC |
||
| 999 |
_c357579 _d357579 |
||